Windhundrassen - Statistiken

Allgemein
  • Dieses Quiz wurde 10 mal gespielt
  • Das Durchschnittsergebnis liegt bei 5 aus 13
Antwortstatistiken
Bildquiz Antwort % Korrekt
Afghanischer Windhund
100%
Irischer Wolfshund
67%
Azawakh
33%
Barsoi
33%
Chart Polski
33%
Deerhound
33%
Galgo Espanol
33%
Greyhound
33%
Italienisches Windspiel
33%
Magyar Agar
33%
Saluki
33%
Sloughi
33%
Whippet
33%
Keine übereinstimmenden Quizze gefunden
Verteilung der Resultate
Anzahl Personen mit jedem Resultat
Perzentil nach korrekt beantworteten Fragen
Ihre Resultats-Entwicklung
Sie haben dieses Quiz noch nicht gespielt